• 首页
  • 本馆介绍
  • 公告通知
  • 最新文献
  • 馆藏检索
  • 电子资源
  • 读者导购
  • 参考咨询
  • 我的图书馆
  • 登录
  • 详细信息显示
  • 放入我的书架
  • 预约/预借图书
  • 作者相关作品
  • 分类相关作品
  • 丛书相关作品
  • 出版社相关作品

书目信息

  • 表格格式
  • 工作单格式
  • 卡片格式
题名:
积分方程论及其应用
    
 
作者: 陈传璋 , 李明忠 , 候宗仪 著
分册:  
出版信息: 上海   上海科学技术出版社  1987
页数: 281页
开本: 20cm
丛书名:
单 册:
中图分类: O175.5
科图分类:
主题词: 积分方程
电子资源:
ISBN:
000 00743nam0 2200253 45
001 0187008129
005 20051207163604.01
010    @dCNY2.00
091    @a13119.1394
100    @a19900903d1987 em y0chiy0121 ea
101 0  @achi
102    @aCN@b310000
105    @ay z 000yy
200 10 @a积分方程论及其应用@Aji fen fang cheng lun ji qi ying yong@f陈传璋等著@Fchen chuan zhang deng zhu
210    @a上海@c上海科学技术出版社@d1987
215    @a281页@d20cm
606    @a积分方程
690    @aO175.5@v3
701  0 @a陈传璋@Achen chuan zhang@4著
701  0 @a李明忠@Ali ming zhong@4著
701  0 @a候宗仪@Ahou zong yi@4著
801  2 @aCN@bNLC@c20051207
801  0 @aCN@b深圳图书馆@c20040521
905    @f4@b201363-366@dO175.5@e53
    
    积分方程论及其应用/陈传璋等著.-上海:上海科学技术出版社,1987
    281页;20cm
    
    
    ISBN :CNY2.00
    
●
相关链接 在E读中查询图书 在五车中查询图书 在当当中查询图书 在豆瓣中查询图书


正题名:积分方程论及其应用     索取号:O175.5/53         预约/预借

序号 登录号 条形码 馆藏地/架位号 状态 备注
1 0201363   000424534   第三借阅区/ [索取号:O175.5/53] 在馆    
2 0201364   000424543   第三借阅区/ [索取号:O175.5/53] 在馆    
3 0201365   000424552   第二样本阅览室/ [索取号:O175.5/53] 在馆    
4 0201366   000424561   第三借阅区/ [索取号:O175.5/53] 在馆    
5 0201367   202156200   密集书库/ [索取号:O175.5/53] 在馆    
唐山师范学院图书馆 欢迎您!
大连网信软件有限公司© 版权所有